1214 1914 1944 1437 1338 1261 1312 1951 1759 1574 1059 1604 1379 1715 1590 1307 1349 1620 1572 1415 1702 1389 1668 1779 1738 1615 1468 1849 1242 1012 1890 1637 1540 1532 1313 1022 1623 1028 1751 1716 1160 1285 1550 1476 1697 1623 1808 1826 1516 1460 1304 1844 1894 1217 1680 1132 1264 1468 1550 1605 1432 1834 1488 1588 1016 1834 1530 1248 1550 1067 1399 1069 1616 1477 1482 1413 1311 1154 1906 1805 1791 1244 1315 1745 1958 1095 1012 1019 1703 1795 1580 1098 1455 1692 1997 1284 1134 1108 1020 BCNSPRNW ULIB Ver.6.0+V

เปลี่ยนเป็นภาษาไทย

Change to English
 แสดงรายละเอียดบรรณานุกรม
  กลับหน้าหลัก

Brief Record : Get Marc (ISO 2709) : E-mail record : QR code < ปิดหน้าต่าง
LEADER : 00000nam 2200000uu 4500
001    13399113514
003     ULIB
008    110627s2551||||th 000 0 tha d
020    9789740417378
090    นว.^bY111ฝ
100 0  Yayoi
245 00 ฝากฟ้าเคียงดิน/^cYayoi
250    พิมพ์ครั้งที่ 2
260    กรุงเทพฯ :^bแจ่มใส,^c2551
300    339 หน้า
710 1  แจ่มใส
945    ^p209^l0^i024668
995    ทศพร
999 ^a ใช้งานได้ทุกระบบ
รายการนี้ยังไม่มีแท็ก
คุณยังไม่ได้ล็อกอิน คุณสามารถมีกิจกรรมร่วมกับเว็บไซต์ได้ แต่ต้องล็อกอินก่อน ::
  ล็อกอิน

รายการสื่อสารสนเทศ

ลำดับที่ ประเภท เลขเรียก/บาร์โค้ด สถานที่ สถานะ
1. นวนิยาย
นวนิยาย
นว. Y111ฝ ฉ.1 
  Barcode: 024668
ห้องสมุดวิทยาเขตสวรรค์ประชารักษ์
►นวนิยาย
บนชั้น
  ขอยืม

รายการใกล้เคียง
    ผู้แต่ง [Yayoi]

BibComment


ยังไม่เคยถูกคอมเมนท์

คอมเมนท์ทรัพยากรรายการนี้
  คอมเมนท์: ฝากฟ้าเคียงดิน Ya..


 Copyright 2026. Bcnsprnw @Library